[Event "POHÁR města Říčany 2023"]
[Site "Městské kulturní středisko U labutě"]
[Date "2023.09.01"]
[Round "8.9"]
[White "Rousek, Jan"]
[Black "Hejsek, Lukas"]
[Result "1/2-1/2"]
[WhiteFideId "386669"]
[BlackFideId "393860"]
[WhiteElo "2028"]
[BlackElo "2081"]
[PlyCount "0"]
[EventDate "2023.08.26"]

1. d4 {[%clk 01:30:53]} {[%emt 00:00:05]} Nf6 {[%clk 01:30:42]} {[%emt
00:00:19]} 2. c4 {[%clk 01:31:06]} {[%emt 00:00:18]} e6 {[%clk 01:31:03]}
{[%emt 00:00:09]} 3. g3 {[%clk 01:30:21]} {[%emt 00:01:15]} d5 {[%clk
01:31:27]} {[%emt 00:00:07]} 4. Bg2 {[%clk 01:28:15]} {[%emt 00:02:35]} dxc4
{[%clk 01:31:50]} {[%emt 00:00:09]} 5. Qa4+ {[%clk 01:23:30]} {[%emt 00:05:14]}
Nbd7 {[%clk 01:32:13]} {[%emt 00:00:07]} 6. Nf3 {[%clk 01:17:41]} {[%emt
00:06:18]} a6 {[%clk 01:32:38]} {[%emt 00:00:06]} 7. Qxc4 {[%clk 01:16:34]}
{[%emt 00:01:37]} b5 {[%clk 01:33:03]} {[%emt 00:00:06]} 8. Qd3 {[%clk
01:11:37]} {[%emt 00:05:23]} Bb7 {[%clk 01:33:18]} {[%emt 00:00:19]} 9. O-O
{[%clk 01:10:15]} {[%emt 00:01:51]} c5 {[%clk 01:32:55]} {[%emt 00:00:54]} 10.
dxc5 {[%clk 01:02:14]} {[%emt 00:08:31]} Bxc5 {[%clk 01:32:37]} {[%emt
00:00:48]} 11. Nc3 {[%clk 01:02:18]} {[%emt 00:00:26]} O-O {[%clk 01:32:51]}
{[%emt 00:00:16]} 12. a3 {[%clk 01:00:43]} {[%emt 00:02:05]} Qe7 {[%clk
01:31:44]} {[%emt 00:01:38]} 13. b4 {[%clk 00:59:39]} {[%emt 00:01:33]} Ba7
{[%clk 01:30:34]} {[%emt 00:01:40]} 14. Be3 {[%clk 00:55:43]} {[%emt 00:04:26]}
Bb6 {[%clk 01:13:42]} {[%emt 00:17:22]} 15. Bxb6 {[%clk 00:46:22]} {[%emt
00:09:52]} Nxb6 {[%clk 01:14:06]} {[%emt 00:00:07]} 16. Ne5 {[%clk 00:44:47]}
{[%emt 00:02:03]} Rfd8 {[%clk 01:09:03]} {[%emt 00:05:34]} 17. Qe3 {[%clk
00:43:01]} {[%emt 00:02:11]} Bxg2 {[%clk 01:08:48]} {[%emt 00:00:50]} 18. Kxg2
{[%clk 00:43:05]} {[%emt 00:00:25]} Nbd5 {[%clk 01:05:28]} {[%emt 00:03:50]} 19.
Nxd5 {[%clk 00:41:22]} {[%emt 00:02:13]} Nxd5 {[%clk 01:05:53]} {[%emt
00:00:06]} 20. Qf3 {[%clk 00:40:10]} {[%emt 00:01:39]} Qc7 {[%clk 01:05:38]}
{[%emt 00:00:47]} 21. Nd3 {[%clk 00:40:01]} {[%emt 00:00:39]} Rac8 {[%clk
01:00:46]} {[%emt 00:05:23]} 22. Rac1 {[%clk 00:38:43]} {[%emt 00:01:47]} Qa7
{[%clk 01:00:47]} {[%emt 00:00:30]} 23. Rxc8 {[%clk 00:33:31]} {[%emt
00:05:41]} Rxc8 {[%clk 01:01:12]} {[%emt 00:00:06]} 24. e4 {[%clk 00:33:01]}
{[%emt 00:00:59]} Nf6 {[%clk 00:59:18]} {[%emt 00:02:23]} 25. Nc5 {[%clk
00:32:56]} {[%emt 00:00:36]} Nd7 {[%clk 00:58:30]} {[%emt 00:01:19]} 26. Nxd7
{[%clk 00:31:49]} {[%emt 00:01:36]} Qxd7 {[%clk 00:58:55]} {[%emt 00:00:04]} 27.
Rd1 {[%clk 00:31:08]} {[%emt 00:01:10]} Qc7 {[%clk 00:59:08]} {[%emt 00:00:19]}
28. Qd3 {[%clk 00:26:31]} {[%emt 00:05:03]} 1/2-1/2

[Event "POHÁR města Říčany 2023"]
[Site "Městské kulturní středisko U labutě"]
[Date "2023.09.01"]
[Round "8.10"]
[White "Stanek, Ondrej"]
[Black "Novotny, David"]
[Result "1/2-1/2"]
[WhiteFideId "364240"]
[BlackFideId "374083"]
[WhiteElo "2065"]
[BlackElo "1985"]
[PlyCount "0"]
[EventDate "2023.08.26"]

1. e4 {[%clk 01:30:32]} {[%emt 00:00:27]} e6 {[%clk 01:30:32]} {[%emt
00:00:28]} 2. d4 {[%clk 01:30:42]} {[%emt 00:00:22]} d5 {[%clk 01:30:56]}
{[%emt 00:00:06]} 3. Nd2 {[%clk 01:30:39]} {[%emt 00:00:33]} Be7 {[%clk
01:31:06]} {[%emt 00:00:19]} 4. Ngf3 {[%clk 01:30:06]} {[%emt 00:01:04]} Nf6
{[%clk 01:30:08]} {[%emt 00:01:27]} 5. Bd3 {[%clk 01:28:24]} {[%emt 00:02:12]}
c5 {[%clk 01:29:03]} {[%emt 00:01:35]} 6. c3 {[%clk 01:23:12]} {[%emt
00:05:43]} Nc6 {[%clk 01:25:43]} {[%emt 00:03:50]} 7. O-O {[%clk 01:18:17]}
{[%emt 00:05:26]} dxe4 {[%clk 01:07:03]} {[%emt 00:19:10]} 8. Nxe4 {[%clk
01:18:35]} {[%emt 00:00:12]} cxd4 {[%clk 01:06:38]} {[%emt 00:00:55]} 9. cxd4
{[%clk 01:17:51]} {[%emt 00:01:15]} O-O {[%clk 01:00:24]} {[%emt 00:06:43]} 10.
Nc3 {[%clk 00:54:07]} {[%emt 00:24:15]} b6 {[%clk 00:54:44]} {[%emt 00:06:10]}
11. Bg5 {[%clk 00:51:01]} {[%emt 00:03:36]} Bb7 {[%clk 00:47:47]} {[%emt
00:07:26]} 12. a3 {[%clk 00:41:33]} {[%emt 00:09:59]} Rc8 {[%clk 00:40:59]}
{[%emt 00:07:17]} 13. Bc2 {[%clk 00:40:16]} {[%emt 00:01:48]} Qc7 {[%clk
00:30:31]} {[%emt 00:10:58]} 14. Qd3 {[%clk 00:37:54]} {[%emt 00:02:52]} g6
{[%clk 00:30:16]} {[%emt 00:00:45]} 15. Rfe1 {[%clk 00:34:02]} {[%emt
00:04:22]} Rfd8 {[%clk 00:28:42]} {[%emt 00:02:03]} 16. Rad1 {[%clk 00:31:49]}
{[%emt 00:02:44]} Nd5 {[%clk 00:23:48]} {[%emt 00:05:15]} 17. Nxd5 {[%clk
00:21:10]} {[%emt 00:11:18]} Rxd5 {[%clk 00:23:30]} {[%emt 00:00:48]} 18. Qe3
{[%clk 00:10:49]} {[%emt 00:10:51]} Nxd4 {[%clk 00:13:53]} {[%emt 00:10:07]} 19.
Rxd4 {[%clk 00:11:06]} {[%emt 00:00:12]} Bxg5 {[%clk 00:13:40]} {[%emt
00:00:43]} 20. Nxg5 {[%clk 00:11:26]} {[%emt 00:00:10]} Rxd4 {[%clk 00:13:01]}
{[%emt 00:01:09]} 21. Qxd4 {[%clk 00:11:51]} {[%emt 00:00:06]} Qxc2 {[%clk
00:12:59]} {[%emt 00:00:31]} 22. Nxf7 {[%clk 00:11:58]} {[%emt 00:00:22]} Qc1
{[%clk 00:06:38]} {[%emt 00:06:52]} 23. Qe5 {[%clk 00:11:57]} {[%emt 00:00:32]}
Kxf7 {[%clk 00:03:16]} {[%emt 00:03:52]} 24. Qxe6+ {[%clk 00:12:21]} {[%emt
00:00:06]} Kf8 {[%clk 00:02:15]} {[%emt 00:01:31]} 25. Qf6+ {[%clk 00:12:08]}
{[%emt 00:00:43]} Kg8 {[%clk 00:02:40]} {[%emt 00:00:04]} 26. Qe6+ {[%clk
00:12:35]} {[%emt 00:00:04]} Kg7 {[%clk 00:01:51]} {[%emt 00:01:19]} 27. Qe7+
{[%clk 00:12:56]} {[%emt 00:00:08]} Kg8 {[%clk 00:00:49]} {[%emt 00:01:32]} 28.
Qe6+ {[%clk 00:12:55]} {[%emt 00:00:31]} Kf8 {[%clk 00:00:36]} {[%emt
00:00:44]} 1/2-1/2

[Event "POHÁR města Říčany 2023"]
[Site "Městské kulturní středisko U labutě"]
[Date "2023.09.01"]
[Round "8.11"]
[White "Pressler, Tobias"]
[Black "Davidek, Zdenek"]
[Result "11"]
[WhiteFideId "23715359"]
[BlackFideId "23725001"]
[WhiteElo "1912"]
[BlackElo "2051"]
[PlyCount "0"]
[EventDate "2023.08.26"]

1. e4 {[%clk 01:30:18]} {[%emt 00:00:41]} e5 {[%clk 01:30:40]} {[%emt
00:00:20]} 2. Nf3 {[%clk 01:29:44]} {[%emt 00:01:04]} Nc6 {[%clk 01:31:04]}
{[%emt 00:00:07]} 3. Bc4 {[%clk 01:29:20]} {[%emt 00:00:54]} Nf6 {[%clk
01:31:19]} {[%emt 00:00:14]} 4. Ng5 {[%clk 01:28:57]} {[%emt 00:00:54]} d5
{[%clk 01:31:12]} {[%emt 00:00:37]} 5. exd5 {[%emt 00:05:20]} b5 {[%clk
01:26:31]} 6. Bb3 {[%clk 01:06:18]} {[%emt 00:23:29]} Nd4 {[%clk 01:24:21]}
{[%emt 00:02:40]} 7. d3 {[%clk 00:51:58]} {[%emt 00:14:50]} Nxb3 {[%clk
00:59:37]} {[%emt 00:25:13]} 8. axb3 {[%clk 00:52:19]} {[%emt 00:00:09]} Qxd5
{[%clk 00:59:54]} {[%emt 00:00:13]} 9. O-O {[%clk 00:52:30]} {[%emt 00:00:19]}
Bb7 {[%clk 00:53:38]} {[%emt 00:06:47]} 10. f3 {[%clk 00:52:50]} {[%emt
00:00:10]} Bc5+ {[%clk 00:49:20]} {[%emt 00:04:47]} 11. Kh1 {[%clk 00:53:15]}
{[%emt 00:00:05]} O-O {[%clk 00:48:21]} {[%emt 00:01:30]} 12. Nc3 {[%clk
00:53:39]} {[%emt 00:00:06]} Qd7 {[%clk 00:48:38]} {[%emt 00:00:12]} 13. Qe1
{[%clk 00:48:21]} {[%emt 00:05:48]} Rfe8 {[%clk 00:34:16]} {[%emt 00:14:53]} 14.
Be3 {[%clk 00:45:18]} {[%emt 00:03:32]} Qc6 {[%clk 00:29:43]} {[%emt 00:05:04]}
15. Nge4 {[%clk 00:33:57]} {[%emt 00:11:51]} Bd4 {[%clk 00:17:56]} {[%emt
00:12:17]} 16. Nxf6+ {[%clk 00:29:55]} {[%emt 00:04:32]} Qxf6 {[%clk 00:18:15]}
{[%emt 00:00:11]} 17. Nxb5 {[%clk 00:23:06]} {[%emt 00:07:19]} Qc6 {[%clk
00:04:19]} {[%emt 00:14:26]} 18. Bxd4 {[%clk 00:21:55]} {[%emt 00:01:41]} exd4
{[%clk 00:04:47]} {[%emt 00:00:01]} 19. Qb4 {[%clk 00:21:40]} {[%emt 00:00:44]}
Qxc2 {[%clk 00:03:50]} {[%emt 00:01:27]} 20. Rac1 {[%clk 00:21:17]} {[%emt
00:00:53]} Qxb2 {[%clk 00:02:47]} {[%emt 00:01:33]} 21. Nxc7 {[%clk 00:20:35]}
{[%emt 00:01:12]} Bxf3 {[%clk 00:03:13]} {[%emt 00:00:04]} 22. gxf3 {[%clk
00:20:44]} {[%emt 00:00:21]} Re2 {[%clk 00:03:37]} {[%emt 00:00:05]} 23. Qd6
{[%clk 00:20:46]} {[%emt 00:00:28]} Rc8 {[%clk 00:02:05]} {[%emt 00:02:02]} 24.
Nd5 {[%clk 00:20:28]} {[%emt 00:00:48]} Qxc1 {[%clk 00:02:20]} {[%emt
00:00:15]} 0-1

[Event "POHÁR města Říčany 2023"]
[Site "Městské kulturní středisko U labutě"]
[Date "2023.09.01"]
[Round "8.12"]
[White "Pecka, Jan"]
[Black "Siles, Jan"]
[Result "1-0"]
[WhiteFideId "23712520"]
[BlackFideId "23715405"]
[WhiteElo "2004"]
[BlackElo "1869"]
[PlyCount "0"]
[EventDate "2023.08.26"]

1. e4 {[%clk 01:30:50]} {[%emt 00:00:09]} c5 {[%clk 01:30:44]} {[%emt
00:00:17]} 2. Nf3 {[%clk 01:31:12]} {[%emt 00:00:08]} Nc6 {[%clk 01:31:04]}
{[%emt 00:00:10]} 3. Bb5 {[%clk 01:31:33]} {[%emt 00:00:08]} g6 {[%clk
01:31:05]} {[%emt 00:00:29]} 4. O-O {[%clk 01:31:58]} {[%emt 00:00:05]} Bg7
{[%clk 01:31:14]} {[%emt 00:00:21]} 5. c3 {[%clk 01:32:23]} {[%emt 00:00:05]}
e5 {[%clk 01:26:59]} {[%emt 00:04:45]} 6. d4 {[%clk 01:31:31]} {[%emt
00:01:22]} cxd4 {[%clk 01:22:31]} {[%emt 00:04:59]} 7. cxd4 {[%clk 01:31:36]}
{[%emt 00:00:26]} exd4 {[%clk 01:12:35]} {[%emt 00:10:25]} 8. Bf4 {[%clk
01:31:13]} {[%emt 00:00:52]} Nge7 {[%clk 01:07:55]} {[%emt 00:05:10]} 9. Bd6
{[%clk 01:30:05]} {[%emt 00:01:38]} O-O {[%clk 01:03:07]} {[%emt 00:05:18]} 10.
Nbd2 {[%clk 01:26:15]} {[%emt 00:04:21]} Re8 {[%clk 00:56:37]} {[%emt
00:07:00]} 11. a4 {[%clk 01:19:10]} {[%emt 00:07:36]} b6 {[%clk 00:52:23]}
{[%emt 00:04:44]} 12. Bc4 {[%clk 01:14:26]} {[%emt 00:05:13]} Na5 {[%clk
00:49:03]} {[%emt 00:03:51]} 13. Ba2 {[%clk 01:08:38]} {[%emt 00:06:18]} Nec6
{[%clk 00:43:59]} {[%emt 00:05:34]} 14. Re1 {[%clk 01:03:48]} {[%emt 00:05:20]}
Nb7 {[%clk 00:32:23]} {[%emt 00:12:07]} 15. Nc4 {[%clk 00:57:58]} {[%emt
00:06:20]} Nca5 {[%clk 00:30:31]} {[%emt 00:02:22]} 16. Ba3 {[%clk 00:56:40]}
{[%emt 00:01:48]} Nxc4 {[%clk 00:21:58]} {[%emt 00:09:03]} 17. Bxc4 {[%clk
00:54:30]} {[%emt 00:02:39]} d6 {[%clk 00:20:38]} {[%emt 00:01:50]} 18. Nxd4
{[%clk 00:52:59]} {[%emt 00:02:01]} Nc5 {[%clk 00:18:13]} {[%emt 00:02:56]} 19.
Nb5 {[%clk 00:39:51]} {[%emt 00:13:37]} Ba6 {[%clk 00:15:00]} {[%emt 00:03:44]}
20. Bd5 {[%clk 00:32:37]} {[%emt 00:07:43]} Rb8 {[%clk 00:08:32]} {[%emt
00:06:58]} 21. Nxa7 {[%clk 00:22:36]} {[%emt 00:10:31]} Qd7 {[%clk 00:08:23]}
{[%emt 00:00:38]} 22. Nb5 {[%emt 00:02:46]} Nxa4 {[%clk 00:04:11]} {[%emt
00:04:41]} 23. Nxd6 {[%clk 00:18:24]} {[%emt 00:02:27]} Re7 {[%clk 00:04:29]}
{[%emt 00:00:13]} 24. Nxf7 {[%clk 00:15:41]} {[%emt 00:03:13]} Rxf7 {[%clk
00:03:26]} {[%emt 00:01:33]} 25. Bxf7+ {[%clk 00:15:26]} {[%emt 00:00:46]} Qxf7
{[%clk 00:03:55]} {[%emt 00:00:01]} 26. Qxa4 {[%clk 00:15:44]} {[%emt
00:00:12]} Bc4 {[%clk 00:02:48]} {[%emt 00:01:36]} 27. Bd6 {[%clk 00:13:07]}
{[%emt 00:03:07]} Rd8 {[%clk 00:01:45]} {[%emt 00:01:33]} 28. e5 {[%clk
00:13:31]} {[%emt 00:00:06]} b5 {[%clk 00:00:38]} {[%emt 00:01:38]} 29. Qa7
{[%clk 00:13:44]} {[%emt 00:00:16]} Qf4 {[%clk 00:00:39]} {[%emt 00:00:29]} 30.
Qc7 {[%clk 00:12:16]} {[%emt 00:01:58]} Re8 {[%clk 00:01:08]} 31. Ra7 {[%clk
00:12:10]} {[%emt 00:00:36]} Qh6 {[%clk 00:00:50]} {[%emt 00:00:48]} 32. Qd7
{[%clk 00:12:20]} {[%emt 00:00:20]} Re6 {[%clk 00:00:32]} {[%emt 00:00:49]} 33.
Qf7+ {[%clk 00:12:28]} {[%emt 00:00:21]} 1-0

[Event "POHÁR města Říčany 2023"]
[Site "Městské kulturní středisko U labutě"]
[Date "2023.09.01"]
[Round "8.13"]
[White "Petrun, Milan"]
[Black "Kopecky, Jiri"]
[Result "1-0"]
[WhiteElo "1784"]
[BlackElo "1910"]
[WhiteFideId "332267"]
[BlackFideId "317152"]
[PlyCount "0"]
[EventDate "2023.08.26"]

1. e4 c5 2. Nf3 Nc6 3. d4 cxd4 4. Nxd4 Nf6 5. Nc3 e5 6. Ndb5 d6 7. Bg5 a6
8. Na3 b5 9. Nd5 Qa5+ 10. Bd2 Qd8 11. Bg5 Be7 12. Nxe7 Qxe7 13. Bd3 O-O 14. O-O
Be6 15. c4 Nd4 16. cxb5 Rfb8 17. bxa6 Rxb2 18. Qa4 d5 19. Rfb1 Bd7 20. Qa5 Nc6
21. Qc3 Rxb1+ 22. Rxb1 d4 23. Qb2 Bc8 24. Rc1 Bxa6 25. Nb5 Qb7 26. Bxf6 gxf6
27. a4 Bxb5 28. axb5 Nd8 29. Qb3 Ne6 30. g3 Ng5 31. Qc2 f5 32. Qc6 Rb8 33. f3
Nxf3+ 34. Kf2 Nxh2 35. exf5 Ng4+ 36. Kf3 Ne3 37. f6 Nd5 38. Qxb7 1-0

[Event "POHÁR města Říčany 2023"]
[Site "Městské kulturní středisko U labutě"]
[Date "2023.09.01"]
[Round "8.14"]
[White "Svadlenka, Michal"]
[Black "Madle, Robin"]
[Result "0-1"]
[WhiteElo "1556"]
[BlackElo "1899"]
[WhiteFideId "23717068"]
[BlackFideId "393886"]
[PlyCount "0"]
[EventDate "2023.08.26"]

1. e4 e5 2. Nf3 Nc6 3. Bc4 Bc5 4. d3 Nf6 5. c3 a6 6. Bb3 d6 7. Nbd2 Ba7 8. Nf1
Be6 9. Bc2 h6 10. Ng3 Ne7 11. Be3 Bxe3 12. fxe3 c6 13. O-O Qb6 14. Qd2 Nd7
15. b4 g5 16. Kh1 O-O-O 17. d4 f6 18. c4 exd4 19. exd4 Bg4 20. d5 c5 21. Ne1 h5
22. h3 h4 23. Nf5 Nxf5 24. exf5 Bh5 25. Bd1 Rdg8 26. Nd3 g4 27. Bxg4 Bxg4
28. hxg4 h3 29. Rf4 hxg2+ 30. Kxg2 Ne5 31. Nxe5 dxe5 32. Re4 Rh5 33. Rh1 Rxh1
34. Kxh1 Rh8+ 35. Kg1 Qc7 36. Re2 Rh4 37. Rg2 Qh7 38. Kf1 Rh1+ 39. Rg1 Qh3+
40. Qg2 Qd3+ 41. Kf2 Rh3 42. Re1 Qd2+ 43. Kf1 Qf4+ 44. Ke2 Rh2 0-1

[Event "POHÁR města Říčany 2023"]
[Site "Městské kulturní středisko U labutě"]
[Date "2023.09.01"]
[Round "8.15"]
[White "Dudarec, Elias"]
[Black "Topencik, Bruno"]
[Result "1/2-1/2"]
[WhiteElo "1380"]
[BlackElo "1897"]
[WhiteFideId "23714930"]
[BlackFideId "23716550"]
[PlyCount "0"]
[EventDate "2023.08.26"]

1. e4 c6 2. d4 d5 3. exd5 cxd5 4. Bd3 Nc6 5. c3 Nf6 6. h3 g6 7. Bf4 Bf5 8. Nf3
Bxd3 9. Qxd3 Bg7 10. Nbd2 O-O 11. O-O Qb6 12. b4 Rac8 13. Rfe1 Rfe8 14. a4 a5
15. b5 Nb8 16. Re2 Nbd7 17. Rae1 Qd8 18. Bh2 Nb6 19. Qc2 Nc4 20. Nxc4 Rxc4
21. Ne5 Rc8 22. f3 Nd7 23. Kh1 Nxe5 24. Bxe5 Bxe5 25. Rxe5 e6 26. Qb3 b6 27. f4
Qh4 28. Rf1 Rc4 29. Rf3 Qd8 30. Ree3 Qd7 31. g4 f6 32. g5 Rf8 33. Qa3 Rf7 34. h4
Kg7 35. Kh2 Qe7 36. Qa2 Qd6 37. Kg2 Rcc7 38. Qe2 Rce7 39. Qc2 fxg5 40. fxg5 Rxf3
41. Rxf3 e5 42. Rf6 Re6 43. Rxe6 Qxe6 44. dxe5 Qxe5 45. Qd3 Kf7 46. Kf3 Ke6
47. Qe3 Qxe3+ 48. Kxe3 Ke5 49. Kd3 Ke6 50. Kd4 Kd6 51. Ke3 Ke5 52. Kd3 Kd6
53. Kd4 Ke6 54. Ke3 1/2-1/2

[Event "POHÁR města Říčany 2023"]
[Site "Městské kulturní středisko U labutě"]
[Date "2023.09.01"]
[Round "8.16"]
[White "Meca, Viktor ml."]
[Black "Korniichuk, Oleksandra"]
[Result "0-1"]
[WhiteElo "1421"]
[BlackElo "1869"]
[WhiteFideId "23739800"]
[BlackFideId "14155656"]
[PlyCount "0"]
[EventDate "2023.08.26"]

1. e4 c5 2. c3 Nf6 3. e5 Nd5 4. d4 cxd4 5. Nf3 Nc6 6. cxd4 d6 7. Bc4 Nb6 8. Bb5
Bd7 9. exd6 e6 10. O-O Bxd6 11. Nc3 Nb4 12. Bg5 f6 13. Bh4 O-O 14. Qb3 N4d5
15. Bxd7 Qxd7 16. Rfe1 Rac8 17. Nd2 Rc6 18. Nde4 Be7 19. Rad1 Rfc8 20. Na4 Nxa4
21. Qxa4 b6 22. Bg3 Qb7 23. Qb3 Qd7 24. Qa4 Kf7 25. h3 R6c7 26. Qxd7 Rxd7
27. Re2 Rc6 28. f4 h6 29. f5 exf5 30. Nf2 f4 31. Bh2 Bd6 32. Ne4 Bb8 33. Kh1 Re7
34. Rde1 Rce6 35. Nc3 Nxc3 36. Rxe6 Rxe6 37. Rxe6 Kxe6 38. bxc3 Kd5 39. Kg1 Kc4
40. Kf2 Kxc3 41. d5 Kc4 42. Kf3 Kxd5 43. Bxf4 Bxf4 44. Kxf4 g6 45. g4 b5 46. Ke3
a5 0-1

[Event "POHÁR města Říčany 2023"]
[Site "Městské kulturní středisko U labutě"]
[Date "2023.09.01"]
[Round "8.17"]
[White "Blazek, Miroslav"]
[Black "Langmaier, Michal"]
[Result "1-0"]
[WhiteElo "1849"]
[BlackElo "1662"]
[WhiteFideId "335215"]
[BlackFideId "23727705"]
[PlyCount "0"]
[EventDate "2023.08.26"]

1. c4 e6 2. Nf3 d5 3. cxd5 exd5 4. d4 Nf6 5. Bg5 Be7 6. h3 Nbd7 7. e3 c6 8. Bd3
O-O 9. Qc2 h6 10. Bf4 Re8 11. Nbd2 Nf8 12. g4 Bd6 13. Bxd6 Qxd6 14. O-O-O a5
15. g5 hxg5 16. Nxg5 b5 17. Rdg1 b4 18. Qd1 c5 19. dxc5 Qxc5+ 20. Qc2 Qb6
21. Kb1 Bd7 22. Qd1 a4 23. h4 a3 24. b3 Rec8 25. h5 N6h7 26. Ndf3 Qf6 27. Qe2
Bf5 28. Bxf5 Qxf5+ 29. e4 dxe4 30. Qxe4 Qf6 31. Qd4 Qxd4 32. Nxd4 Ra6 33. Nxh7
Kxh7 34. Nc2 Rb6 35. Rg4 Rf6 36. Rf1 Rc5 37. Rxb4 Rxh5 38. Nxa3 Rhf5 39. Rh4+
Kg8 40. Rfh1 Ng6 41. R4h2 Rxf2 42. Nc4 R6f3 43. Rxf2 Rxf2 44. a4 Ne7 45. a5 Nc8
46. Rd1 Kh7 47. Rd7 Rf6 48. Rc7 Nd6 49. Nxd6 Rxd6 50. Rxf7 Kg8 51. Rf4 Kh7
52. Kb2 g5 53. Rg4 Kg6 54. b4 Kf5 55. Rg1 g4 56. Kb3 Kf4 57. b5 Kf3 58. b6 g3
59. b7 1-0

[Event "POHÁR města Říčany 2023"]
[Site "Městské kulturní středisko U labutě"]
[Date "2023.09.01"]
[Round "8.18"]
[White "Mydlar, Matej"]
[Black "Andrle, Filip"]
[Result "0-1"]
[WhiteElo "1668"]
[BlackElo "1848"]
[WhiteFideId "23735074"]
[BlackFideId "23718749"]
[PlyCount "0"]
[EventDate "2023.08.26"]

1. e4 c5 2. Nf3 Nc6 3. d4 cxd4 4. Nxd4 Nf6 5. Nc3 d6 6. Be2 e5 7. Nb3 Be6 8. f4
exf4 9. Bxf4 Be7 10. Qd2 O-O 11. O-O-O Ne5 12. Nd4 Bd7 13. Nf3 Qc7 14. Bg5 Bc6
15. Bxf6 Bxf6 16. Qxd6 Qxd6 17. Rxd6 Be7 18. Rdd1 Ng4 19. Rde1 Bc5 20. Bb5 Bxb5
21. Nxb5 Rad8 22. h3 Ne3 23. g3 a6 24. Nc3 Nc4 25. Rh2 Rd7 26. Rhe2 Rfd8 27. b3
Ba3+ 28. Kb1 Bb4 29. bxc4 Bxc3 30. Rf1 Rd1+ 0-1

[Event "POHÁR města Říčany 2023"]
[Site "Městské kulturní středisko U labutě"]
[Date "2023.09.01"]
[Round "8.19"]
[White "Sadil, Antonin"]
[Black "Petr, Jakub"]
[Result "0-1"]
[WhiteElo "1774"]
[BlackElo "2238"]
[WhiteFideId "23735597"]
[BlackFideId "371718"]
[PlyCount "0"]
[EventDate "2023.08.26"]

1. e4 c5 2. Nf3 Nc6 3. c3 d5 4. exd5 Qxd5 5. d4 Bf5 6. Be3 Nf6 7. Qb3 cxd4
8. Qxd5 Nxd5 9. Nxd4 Nxe3 10. fxe3 Bd7 11. Na3 e5 12. Nxc6 Bxa3 13. bxa3 Bxc6
14. Rb1 O-O-O 15. h4 Rd6 16. Rh2 Rhd8 17. g3 Kc7 18. Rf2 f6 19. g4 Be4 20. Rc1
Rb6 21. Bg2 Bxg2 22. Rxg2 Rd3 23. Ke2 Rb2+ 24. Kxd3 Rxg2 25. g5 f5 26. Re1 g6
27. Kc4 Kc6 28. Rh1 Rxa2 29. Kb4 Re2 30. Rh3 Kd5 31. h5 Ke4 32. hxg6 hxg6
33. Rh6 Kxe3 34. Rxg6 f4 35. Re6 e4 36. g6 Rg2 0-1

[Event "POHÁR města Říčany 2023"]
[Site "Městské kulturní středisko U labutě"]
[Date "2023.09.01"]
[Round "8.20"]
[White "Skala, Jaromir"]
[Black "Steiner, Juraj"]
[Result "1/2-1/2"]
[WhiteElo "1895"]
[BlackElo "1772"]
[WhiteFideId "325805"]
[BlackFideId "367516"]
[PlyCount "0"]
[EventDate "2023.08.26"]

1. d4 Nf6 2. Nf3 b6 3. g3 Bb7 4. Bg2 d6 5. O-O Nbd7 6. c4 e6 7. b3 Be7 8. Bb2
O-O 9. Nbd2 c5 10. e3 Rc8 11. Rc1 Qc7 12. Qe2 Ne4 13. Nxe4 Bxe4 14. Ne1 f5
15. f3 Bb7 16. Nd3 Bf6 17. Nf4 Rce8 18. Qd2 g5 19. Ne2 e5 20. d5 Bg7 21. e4 f4
22. Bh3 Rf6 23. Be6+ Kh8 24. Bxd7 Qxd7 25. g4 h5 26. h3 Kg8 27. Kf2 Rh6 28. Rh1
Bf6 29. Rcg1 Qh7 30. Qc1 Bc8 31. Nc3 a6 32. a4 Qb7 33. Qf1 Bd8 34. Qd3 Kf7
35. Ne2 Reh8 36. Kg2 Bd7 37. Nc3 Be7 38. Ra1 Rb8 39. Qe2 Rhh8 40. Rhb1 b5
41. axb5 axb5 42. Nxb5 Bxb5 43. cxb5 hxg4 44. hxg4 Qxb5 45. Qxb5 Rxb5 46. Bc3
Rhb8 47. Ra3 Bd8 48. Ra7+ R8b7 49. Ra3 Bb6 50. Ra4 Bc7 51. Ra3 Ke7 52. Kf2 c4
53. b4 Bb6+ 54. Ke2 Bd4 55. Kd2 Kf6 56. Rh1 Kg7 57. Ra4 1/2-1/2

[Event "POHÁR města Říčany 2023"]
[Site "Městské kulturní středisko U labutě"]
[Date "2023.09.01"]
[Round "8.21"]
[White "Stufka, Karel"]
[Black "Salac, Jiri"]
[Result "1/2-1/2"]
[WhiteElo "1730"]
[BlackElo "1885"]
[WhiteFideId "303127"]
[BlackFideId "303992"]
[PlyCount "0"]
[EventDate "2023.08.26"]

1. d4 d5 2. Nf3 Nf6 3. c4 c6 4. cxd5 cxd5 5. Nc3 Nc6 6. Bf4 a6 7. a3 h6 8. e3
Bf5 9. Bd3 Bxd3 10. Qxd3 e6 11. O-O Be7 12. Rfc1 O-O 13. h3 Rc8 14. b4 b5
15. Ne2 Nd7 16. Nd2 Nb6 17. Nb3 Nc4 18. Nc5 Bxc5 19. dxc5 1/2-1/2

[Event "POHÁR města Říčany 2023"]
[Site "Městské kulturní středisko U labutě"]
[Date "2023.09.01"]
[Round "8.22"]
[White "Voracek, Zdenek"]
[Black "Rossler, Erik"]
[Result "1-0"]
[WhiteElo "1882"]
[BlackElo "1394"]
[WhiteFideId "331880"]
[BlackFideId "23719761"]
[PlyCount "0"]
[EventDate "2023.08.26"]

1. d4 Nf6 2. c4 c5 3. d5 d6 4. Nc3 e6 5. Nf3 exd5 6. cxd5 g6 7. e4 a6 8. a4 Bg7
9. Be2 O-O 10. O-O Bg4 11. a5 Bxf3 12. Bxf3 Nbd7 13. Be2 Re8 14. Qc2 Qe7 15. f3
Ne5 16. Bg5 Qc7 17. Ra3 Reb8 18. Na4 Qxa5 19. f4 Ned7 20. e5 Nxd5 21. Qd3 c4
22. Qxc4 Rc8 23. Qe4 dxe5 24. fxe5 Nxe5 25. Rd1 Nf6 26. Qxb7 Rcb8 27. Qe7 Re8
28. Qb7 Reb8 29. b4 Qxb4 30. Rd8+ Qf8 31. Rxf8+ Bxf8 32. Qc7 Rb1+ 33. Bf1 Bxa3
34. Bf4 1-0